Commercial ways of the communications satellites

Gespeichert in:
Bibliographische Detailangaben
1. Verfasser: Sacristán Romero, Francisco
Körperschaft: e-libro, Corp
Format: E-Book
Sprache:Englisch
Veröffentlicht: Madrid : Universidad Complutense de Madrid, [2006]
Schlagworte:
Online-Zugang:https://elibro.unach.elogim.com/es/lc/unach/titulos/87705
Tags: Tag hinzufügen
Keine Tags, Fügen Sie den ersten Tag hinzu!

MARC

LEADER 00000nam a2200000 4500
001 ELB87705
003 FlNmELB
006 m o d |
007 cr cn|||||||||
008 201107r2006 sp |||||s|||||||||||eng d
020 |z 1413582338 
035 |a (MiAaPQ)EBC3161434 
035 |a (Au-PeEL)EBL3161434 
035 |a (CaPaEBR)ebr10088657 
035 |a (OCoLC)928545096 
040 |a FlNmELB  |b spa  |c FlNmELB 
050 4 |a TK5104  |b S123 2006 
080 |a 629.783 
100 1 |a Sacristán Romero, Francisco. 
245 1 0 |a Commercial ways of the communications satellites  |h [recurso electronico] /  |c Francisco Sacristán Romero. 
260 |a Madrid :  |b Universidad Complutense de Madrid,  |c [2006] 
300 |a 9-44 p. 
533 |a Recurso electrónico. Santa Fe, Arg.: e-libro, 2015. Disponible vía World Wide Web. El acceso puede estar limitado para las bibliotecas afiliadas a e-libro. 
650 0 |a Satélites de comunicación. 
650 0 |a Comercio. 
650 0 |a Artificial satellites in telecommunication. 
655 4 |a Libros electrónicos. 
710 2 |a e-libro, Corp. 
856 4 0 |u https://elibro.unach.elogim.com/es/lc/unach/titulos/87705